Načítá se...
Non-formal educatiion: an alternative approach
| Hlavní autor: | |
|---|---|
| Médium: | Printed Book |
| Jazyk: | English |
| Témata: |
| LEADER | 00373nam a2200109Ia 4500 | ||
|---|---|---|---|
| 008 | 101008s9999 xx 000 0 eng d | ||
| 100 | |a Singh, R P | ||
| 245 | |a Non-formal educatiion: an alternative approach | ||
| 650 | |a Special Education | ||
| 942 | |c BK | ||
| 999 | |c 183145 |d 183145 | ||
| 952 | |0 0 |1 0 |4 0 |7 0 |9 202438 |a EDU |b EDU |c ST1 |d 2010-10-20 |i 4735 |l 3 |p EDU4735 |r 2021-05-12 |s 2020-09-25 |w 2010-10-20 |y BK | ||